00369nam a2200121Ia 4500008004100000041000800041082000900049100001700058245002500075260002600100999001900126952010200145231212s1967 xx 000 0 und d aeng a1.64 aRammo Murthy aThyristers And Their aLondonbTata Mcc1967 c958681d958681 00104070aITMbITMd2023-12-13g39.00l0o1.64pITM-P-1533r2023-12-13 00:00:00w2023-12-13yBK